A könyvnyomtatás Magyarországon a XV. és XVI. században /
Uložené v:
| Hlavný autor: | |
|---|---|
| Médium: | Kniha |
| Jazyk: | Hungarian |
| Vydané: |
Budapest :
Kiadja az Országos Széchényi Könyvtár,
1931.
|
| ISBN: |
(viaz.) |
| Fyzický popis: |
272 s. : 68 obr. príl. ; 35 cm. |
| Tagy: |
Pridať tag
Žiadne tagy, Buďte prvý kto otaguje tento záznam!
|
Titul je dostupný aj v ... 

MARC
| LEADER | 00000nam a2200000 a 4500 | ||
|---|---|---|---|
| 001 | 000219421 | ||
| 005 | 20110310221411.0 | ||
| 008 | 050603s1931 hu hun d | ||
| 020 | |a (viaz.) |c Kčs 140,00 | ||
| 040 | |a SVKKK |b slo |c SVKKK |e AACR2 | ||
| 041 | 0 | |a hun | |
| 044 | |a hu |c HU | ||
| 100 | 1 | |a Pál, Gulyás, |d 1881-1963 |4 aut | |
| 245 | 1 | 2 | |a A könyvnyomtatás Magyarországon a XV. és XVI. században / |c irta Gulyás Pál. |
| 260 | |a Budapest : |b Kiadja az Országos Széchényi Könyvtár, |c 1931. | ||
| 300 | |a 272 s. : |b 68 obr. príl. ; |c 35 cm. | ||
| 910 | |a svkkk | ||
| 998 | |a BK | ||
| 090 | |g SCKHL |k HIS - kancelária, sklad |a V.41887 |j 349647 |i 2720219524 |s Príručka / Študovňa | ||